| 000 | 00662nam a2200217 a 4500 | ||
|---|---|---|---|
| 001 | 71781 | ||
| 003 | BD-RjUL | ||
| 005 | 20211209082148.0 | ||
| 008 | 170508s1939 enkaf 001 0 eng | ||
| 035 | _a(BD-RjUL)71997 | ||
| 040 |
_aDLC _cDLC _beng _dBD-RjUL |
||
| 041 | _aeng | ||
| 082 |
_223 _a535 _bBAT 1939 |
||
| 100 | 1 |
_aBarton, A. W. _q(Arthur Willoughby) _9212357 |
|
| 245 | 1 | 2 |
_aA text book on light / _cby A. W. Barton ... With halftone plates and diagrams in the text. |
| 260 |
_aLondon, _aNew York : _bLongmans, Green and Co. _c1939 |
||
| 300 |
_ax, 426 p. : _bill. ; _c23 cm. |
||
| 500 | _aIncludes index | ||
| 650 | 0 |
_aLight. _9212358 |
|
| 942 |
_2ddc _cBK |
||
| 999 |
_c71781 _d71781 |
||